Yug-pravartak Swami Dayanand (Record no. 5625)

MARC details
000 -LEADER
fixed length control field 00492nam a2200169Ia 4500
008 - FIXED-LENGTH DATA ELEMENTS--GENERAL INFORMATION
fixed length control field 230917s9999||||xx |||||||||||||| ||und||
020 ## - ISBN
Price RS 150.00
040 ## - CATALOGING SOURCE
-- 5016252
Original cataloging agency VIVEKANANDA LIBRARY
041 ## - Language
-- English
082 ## - DDC NUMBER
Classification number 294.5563092 L148Y
100 ## - MAIN ENTRY--PERSONAL NAME
Personal name Lala Lajpatrai
245 #0 - TITLE STATEMENT
Title Yug-pravartak Swami Dayanand
260 ## - PUBLICATION, DISTRIBUTION, ETC. (IMPRINT)
Place of publication, distribution, etc Delhi
Name of publisher, distributor, etc Vijaykumar Govindram Hasanand
Date of publication, distribution, etc 2014
300 ## - PHYSICAL DESCRIPTION
Pages 270 p.
500 ## - GENERAL NOTE
General note 4558 04/03/2022 HBD22/9287 04/03/2022 Centre for Maharishi Danyand Vedic Studi
942 ## - ADDED ENTRY ELEMENTS (KOHA)
Koha item type Books
Holdings
Withdrawn status Lost status Damaged status Not for loan Location (home branch) Sublocation or collection (holding branch) Date acquired Koha issues (times borrowed) Koha full call number Accession No. Koha date last seen Koha item type
        VIVEKANANDA LIBRARY VIVEKANANDA LIBRARY 28/03/2022   294.5563092 L148Y 394551 17/09/2023 Books
© Designed and Maintained by Vivekananda Library, MDU Rohtak